Giáo trình điện tử công nghiệp Sách dùng cho các trường đào tạo hệ THCN
vv
Đã lưu trong:
| Tác giả chính: | |
|---|---|
| Định dạng: | Sách |
| Năm xuất bản: |
H.
Giáo dục
2004
|
| Chủ đề: | |
| Truy cập Trực tuyến: | Giáo trình |
| Tags: |
Thêm thẻ
Không có thẻ, Hãy là người đầu tiên gắn thẻ bản ghi này!
|
| LEADER | 00719nam a2200181 4500 | ||
|---|---|---|---|
| 082 | |a 621.381 |b V500QU | ||
| 100 | |a Vũ Quang Hồi | ||
| 245 | |a Giáo trình điện tử công nghiệp |b Sách dùng cho các trường đào tạo hệ THCN |c Vũ Quang Hồi | ||
| 260 | |a H. |b Giáo dục |c 2004 | ||
| 300 | |a 291 tr. |c 24 cm | ||
| 520 | |a vv | ||
| 653 | |a Kỹ thuật | ||
| 653 | |a Kỹ thuật điện tử | ||
| 653 | |a Đện tử công nghiệp | ||
| 856 | |u Giáo trình | ||
| 942 | |2 ddc |c SH | ||
| 999 | |c 613 |d 613 | ||
| 952 | |0 0 |1 0 |2 ddc |4 0 |6 621_381000000000000_V500QU |7 0 |8 600 |9 13834 |a qbu |b qbu |c D3 |d 2014-11-20 |g 25000 |o 621.381 V500QU |p 2138.C1 |r 0000-00-00 |w 2014-11-20 |y SH |0 0 |6 621_381000000000000_V500QU |0 0 |6 621_381000000000000_V500QU | ||